| 000 | 01314nam a2200253Ia 4500 | ||
|---|---|---|---|
| 999 |
_c37598 _d37598 |
||
| 001 | 3570 | ||
| 003 | GE_BSU | ||
| 005 | 20190528174942.0 | ||
| 008 | 181216s2007|||| |||||||||||||| ||geo|| | ||
| 020 | _a9789994096848 | ||
| 040 | _cGE_BSU | ||
| 041 | _ageo | ||
| 080 | _a621.3.001.7(075) კ-95 | ||
| 100 |
_aკუტუბიძე, ბორის. _91744 |
||
| 245 |
_aწრფივი ელექტრული წრედების თეორია. ნაწ .I. _bნაბეჭდი და ელექტრონული ვერსია : დამხ.სახელმძღ. / _cბორის კუტუბიძე ; ოთარ ჯანელიძე ; მიხეილ დონაძე ; რედ : გიზო ფარცხალაძე. |
||
| 264 |
_aთბილისი : _bუნივერსალი, _c2007. |
||
| 300 |
_a52 გვ .: _c20 სმ. |
||
| 653 | _aწრფივი ელექტრული წრედების თეორია. | ||
| 653 | _aელექტროტექნიკა | ||
| 700 |
_aჯანელიძე, ოთარ _91743 |
||
| 700 |
_aდონაძე, მიხეილ _91752 |
||
| 700 |
_aფარცხალაძე, გიზო _eრედაქტორი _91753 |
||
| 942 |
_cBK _2udc |
||